=LDR 00000nam 2200000 4500 =001 INLIS000000000053488 =005 20181018023209 =035 ##$$a 0010-1018000103 =245 1#$$a Buku Praktis Akuntansi Biaya & Keuangan /$c Hamli Syaifullah, S.E. Sy. =100 #$$a Hamli Syaifullah =250 ##$$a Ed. 1 =300 ##$$a 208 hlm : $b Ilus ; $c 10,5x21 cm =260 ##$$a Jakarta Timur :$b Laskar Aksara,$c 2014 =082 ##$$a 657.42 =084 ##$$a 657.42 HAM b =020 ##$$a 978-602-1137-11-6 =650 ##$$a Akuntansi Biaya